|
|
|
|
| LEADER |
00642nam a22002172a 4500 |
| 001 |
001739783 |
| 003 |
CZ BrMZK |
| 005 |
20200331164945.0 |
| 007 |
ta |
| 008 |
200331s1958 xo er|||||||||||slo d |
| 040 |
|
|
|a BOA001
|b cze
|e aacr2
|
| 100 |
1 |
|
|a Fuchsová, Eva
|4 aut
|
| 245 |
1 |
0 |
|a Prakticky a vkusne /
|c Eva Fuchsová
|
| 250 |
|
|
|a 1. vyd.
|
| 260 |
|
|
|a Bratislava :
|b Práca,
|c 1958
|
| 300 |
|
|
|a 1 sv. (nestr.)
|
| 772 |
0 |
8 |
|i Samostatná příloha seriálu:
|t Práca,
|g zošit 2
|
| 910 |
|
|
|a BOA001
|b X2-0419.212
|
| 990 |
|
|
|a BK
|
| 991 |
|
|
|b 202004
|
| 996 |
7 |
|
|b 2618849103
|c X2-0419.212
|l MZK
|r Sklad / do 24 hodin
|n 0
|w 001791700
|u 000010
|a 1
|e BOA001
|j MZK50
|s A
|